| 000 | 00760nam a2200205 i 4500 | ||
|---|---|---|---|
| 001 | 86092 | ||
| 003 | ES-MaACL | ||
| 005 | 20230906175354.0 | ||
| 007 | t| | ||
| 008 | 041207s1957 sp ||||1| spa d | ||
| 100 | 1 |
_aKergl, E. _967901 |
|
| 245 | 1 | 0 |
_aAcido glutámico / _cE. Kergl, K. Koebke, H. Haury ; traducción de la 1ª edición alemana con un apéndice redactado por los autores para la presente edición por J. Ripoll Gómez ; presentación por José Mª Rosell. |
| 260 |
_aBarcelona : _bEditorial Científico-Médica, _c1957. |
||
| 300 |
_a146 p. ; _c23 cm. |
||
| 700 | 1 |
_aKoebke, K. _968427 |
|
| 700 | 1 |
_aHaury, H. _962105 |
|
| 700 | 1 |
_aRipoll Gómez, J. _997435 |
|
| 700 | 1 |
_aRosell, José María. _999683 |
|
| 852 |
_aES-MaACL _jC-12385 _bR.40378 |
||
| 999 |
_c86092 _d86092 |
||